| 000 | 00703nam a2200205 i 4500 | ||
|---|---|---|---|
| 001 | 129510 | ||
| 003 | ES-MaACL | ||
| 005 | 20230906193521.0 | ||
| 007 | t| | ||
| 008 | 070625s1974 sp ||||1| spa d | ||
| 100 | 1 |
_aTestut, Léo ( _d1849-1925) _9133195 |
|
| 245 | 1 | 0 |
_aCompendio de anatomía topográfica _b: con aplicaciones medicoquirúrgicas / _cpor los doctores L. Testut, O. Jacob. |
| 250 | _a11ª ed. revisada y aumentada por R. Bernard. | ||
| 260 |
_aBarcelona, _cSalvat _c[1974] |
||
| 300 |
_aXVI, 481 p. ; _c21 cm. |
||
| 650 | 4 |
_aAnatomía topográfica. _9151407 |
|
| 700 | 1 |
_aJacob, Octave ( _d1867-1928) _965832 |
|
| 700 | 1 |
_aBernard, R. _928257 |
|
| 852 |
_aES-MaACL _jA-10901 _bR.100058 |
||
| 999 |
_c129510 _d129510 |
||